[Event "Madrid"]
[Site "Madrid"]
[Date "1994.??.??"]
[Round "2"]
[White "Illescas Cordoba, Miguel"]
[Black "Tiviakov, Sergei"]
[Result "0-1"]
[WhiteElo "2590"]
[BlackElo "2630"]
[Annotator "Dautov,R"]
[PlyCount "122"]
[EventDate "1994.05.??"]
[EventType "tourn"]
[EventRounds "9"]
[EventCountry "ESP"]
[EventCategory "15"]
[SourceTitle "CBM 041"]
[Source "ChessBase"]
[SourceDate "1994.08.01"]
[SourceVersion "1"]
[SourceVersionDate "1994.08.01"]
[SourceQuality "1"]

1. Nf3 Nf6 2. c4 b6 3. g3 e6 4. Bg2 Bb7 5. O-O Be7 6. Nc3 O-O 7. Re1 d5 8. cxd5
exd5 9. d4 Na6 10. Ne5 {N} (10. Bg5 Ne4 11. Bxe7 Qxe7 12. Rc1 Rfd8 13. Ne5 c5
14. Qa4 cxd4 15. Qxd4 Nac5 16. Nd3 Ne6 17. Qe5 Nxc3 18. Rxc3 d4 19. Bxb7 Qxb7
$10 20. Rc2 $14 {Spassov,L-Kestler/Moscow EUchT/1977}) (10. Be3 c6 11. Ne5 Nd7
12. Nd3 Re8 13. Qa4 Bf6 14. Rad1 Nc7 15. Nb4 b5 16. Qc2 Ne6 17. Qc1 a5 18. Nc2
b4 19. Na4 Ba6 20. b3 Bb5 $15 {Panno-Petrosian/Buenos Aires/1979}) 10... c5 11.
dxc5 Nxc5 (11... bxc5 12. Qa4 Qb6 $2 13. Nd7 Nxd7 14. Qxd7 Qc7 15. Qxc7 Nxc7
16. Bf4 Rac8 17. Bxc7 Rxc7 18. Nxd5 $16) 12. Bf4 (12. Be3 $5 Nfe4 13. Nxe4 dxe4
14. b4 Ne6 15. a3 Qc7 16. Qd7 Qxd7 17. Nxd7 Rfd8 18. Red1 Rac8 $10) 12... Nfe4
13. Nb5 $6 (13. Nxe4 dxe4 14. Rc1 Ne6 (14... f6 15. Nc4 $16) (14... Bf6 15. Nc4
$14) (14... f5 15. Nc4 Qxd1 16. Rexd1 Rad8 17. b4 Ne6 18. Bd6 $14) 15. Qa4 Nxf4
16. gxf4 Qd2 $1 17. Bxe4 Bxe4 18. Qxe4 Qxb2 19. Rc7 (19. Nxf7 Kxf7 20. Qd5+ Kg6
21. Qe4+ Kf7 22. Qd5+ Kg6 $10) 19... Bd6 20. Rxf7 Qxa2 $13) (13. Rc1 $5) 13...
Bf6 {/\g5} 14. Nd3 a6 15. Na3 Bd4 $1 (15... Nxd3 16. exd3 Nc5 17. d4 Ne6 18.
Be5 Bxe5 19. Rxe5 $14) 16. Bxe4 (16. e3 $2 Nxd3 17. Qxd3 Bxb2 $17) (16. Rf1 Qf6
17. Rb1 Nxd3 18. exd3 Nxf2 19. Rxf2 Bxf2+ 20. Kxf2 g5 21. Qg4 h6 {/\Bc8} 22.
Qd7 gxf4 23. Qxb7 fxg3+ 24. Kxg3 Kh8 $17) 16... dxe4 17. Nxc5 bxc5 (17... Bxc5
18. Nc4 Qf6 19. Be3 $10) 18. Nc2 (18. Nc4 $2 e3 19. f3 (19. Nxe3 g5 $17) 19...
Bxf3 $17) 18... Qd5 {/\e3,/\Bxb2} 19. Nxd4 cxd4 20. Qb3 Qxb3 21. axb3 Bc6 22.
Bd2 d3 23. Rac1 Bb5 24. exd3 exd3 $17 25. f3 Rfe8 26. Rxe8+ Rxe8 27. Re1 Rb8
28. Kf2 f6 29. Rc1 Kf7 30. h4 h5 31. Rc7+ Kg6 32. Rc1 Rb7 33. b4 (33. Rc3 $2
Re7 34. Be3 d2 $19) (33. Be3 Bd7 (33... Re7 34. Re1 Kf5 35. Bd2) 34. Rc3 Bf5
35. Ke1 a5 36. Kd1 a4 37. bxa4 Rxb2 38. a5 Ra2 39. Bb6 $10) 33... Kf7 34. Re1
Rd7 35. Rc1 Ke6 36. Rc5 Re7 37. Rc1 Kf5 38. Re1 Rd7 39. Rc1 Kg6 40. Re1 Kf5 41.
Rc1 Rd8 42. Rc5+ Kg6 43. Rc1 Rg8 44. Bf4 Re8 45. Re1 Rd8 46. Bd2 Kf7 47. Rc1
Ke6 48. Re1+ (48. Rc5 $1) 48... Kd6 49. Bf4+ $6 (49. Rc1 $142) 49... Kd5 50.
Rc1 Re8 51. Re1 $2 (51. Be3 $8 Bc4 52. Re1 $17) 51... Rc8 52. Rc1 Rc2+ $1 53.
Rxc2 dxc2 54. Ke1 Kc4 55. Kd2 (55. Bc1 Kb3 56. Kd2 Bd7 57. Kd3 Bf5+ 58. Kd2 Ka2
59. g4 hxg4 60. fxg4 Bh7 61. h5 Kb1 62. b3 Be4 $19) 55... Kb3 56. Kc1 Bc6 $19
57. Bd6 Bxf3 58. Bf8 g6 59. Be7 f5 60. Bf6 Be4 61. Be7 Bc6 (61... Bc6 62. Bd6
Ba4 63. Be7 Kc4 64. Kd2 Kd4 65. Bg5 Ke4 66. Ke2 (66. Kc3 Kf3 67. b3 Bc6 68.
Kxc2 Kxg3 69. Kd2 f4 70. Ke1 f3 71. Be3 Kxh4 $19) (66. Bf4 Kf3 {/\g5}) 66...
Bb5+ 67. Kf2 Kd3 68. Ke1 Bc6 69. Bf4 Be4 70. Bg5 Kc4 71. Kd2 Kxb4 72. Kc1 Kb3
73. Bf6 Bc6 74. Bg5 Ba4 75. Bf6 Kc4 76. Kd2 Kd5 77. Bg5 Ke4 78. Ke2 Bb5+ 79.
Kf2 Kd3 80. Ke1 a5 81. Bf4 a4 82. Bc1 Bc6 83. Bf4 c1=Q+ 84. Bxc1 Kc2 $19) 0-1

[Event "Ter Apel"]
[Site "Ter Apel"]
[Date "1994.??.??"]
[Round "4"]
[White "Dautov, Rustem"]
[Black "Van der Sterren, Paul"]
[Result "1/2-1/2"]
[WhiteElo "2625"]
[BlackElo "2605"]
[Annotator "Dautov,R"]
[PlyCount "53"]
[EventDate "1994.03.??"]
[EventType "tourn"]
[EventRounds "5"]
[EventCountry "NED"]
[EventCategory "15"]
[SourceTitle "CBM 040"]
[Source "ChessBase"]
[SourceDate "1994.06.01"]
[SourceVersion "1"]
[SourceVersionDate "1994.06.01"]
[SourceQuality "1"]

1. Nf3 Nf6 2. c4 e6 3. g3 d5 4. b3 Be7 5. Bg2 O-O 6. O-O b6 7. d4 Bb7 8. cxd5
Nxd5 $1 9. Bb2 Nd7 10. Nbd2 (10. Nc3 c5 11. Nxd5 Bxd5 $10) 10... c5 11. Rc1 Rc8
12. Nc4 (12. a3 cxd4 13. Nxd4 Rxc1 14. Qxc1 Qa8 15. Qb1 N5f6 16. Bxb7 Qxb7 17.
Rc1 Rc8 $10 {Ribli-Stean/Buenos Aires olm/1978}) 12... N5f6 13. e3 (13. Nfe5
Bxg2 14. Kxg2 b5 15. Nxd7 Qxd7 16. Ne5 Qb7+ $10) (13. Qd3 Qc7 14. Rfd1 Rfd8 $10
) 13... b5 $5 (13... Qc7 14. dxc5 Bxc5 15. Qe2 Rfd8 16. Rfd1 Qb8 17. Nfe5 Bxg2
18. Kxg2 Qb7+ 19. Qf3 $14) (13... cxd4 $6 14. Nxd4 Bxg2 15. Kxg2 $14 {/\Qf3})
14. Nce5 Nxe5 (14... Qb6 15. dxc5 Nxc5 16. Nd4 Nce4 17. Qd3 Qd6 18. Nxb5 Qxd3
19. Nxd3 Ba6 20. a4 $14 {Gheorghiu-Lengyel/Los Angeles/1973}) 15. Nxe5 Bxg2 16.
Kxg2 Qd5+ 17. Kg1 (17. Qf3 $1 {>=} c4 18. bxc4 bxc4 19. Rfe1 $1 {/\e4} (19. Rc2
Rc7 20. Kg1 Rfc8 21. Bc3 Bd6 22. Qxd5 exd5 23. Rb1 Ne4 24. Rb5 Nxc3 25. Rxc3
Bxe5 26. dxe5 Rc5 {Remis/Huebner-Pachmann/Munich/1979}) 19... Bb4 (19... Ne4
20. Nxc4 Rxc4 21. Rxc4 Qxc4 22. Qxe4 Qxa2 23. Qb7 $1 Ba3 24. Bxa3 Qxa3 25. Rb1
$14) (19... Rfd8 20. e4 Qb5 21. Bc3 Bd6 22. Ng4 Nxg4 23. Qxg4 $14) 20. e4 Qa5 (
20... Qb7 21. Bc3 $14) 21. Bc3 Bxc3 22. Rxc3 Rfd8 (22... Qxa2 23. d5 exd5 24.
exd5 $36 {/\Nc6}) 23. Rd1 (23. Nxc4 Qxa2 $10) 23... Qxa2 24. d5 exd5 25. exd5
Rd6 26. Nc6 $36) (17. f3 Qb7 18. dxc5 Bxc5 19. e4 Rfd8 20. Qe2 a6 $10) 17...
Rfd8 $10 (17... cxd4 18. Qxd4 $14) (17... Qb7 18. dxc5 Bxc5 19. Ng4 Nd7 (19...
Nd5 $2 20. Rxc5 Rxc5 21. Qd4 f5 22. Nh6+ $18) (19... Ne4 $5) 20. Nh6+ Kh8 21.
Qg4 f6 22. Qxe6 $1 gxh6 23. Rfd1 $16) 18. dxc5 (18. Qe2 cxd4 19. Bxd4 Qb7 $10)
18... Qxd1 19. Rfxd1 Rxd1+ 20. Rxd1 Rxc5 21. Ba3 Rd5 (21... Rxe5 $2 22. Bxe7
Nd5 23. Bc5 a6 24. Bd4 $16) 22. Rxd5 Nxd5 23. Bxe7 Nxe7 24. Kf1 f6 25. Nd7 Kf7
26. Ke2 Nc6 27. Nc5 1/2-1/2

[Event "Novy Smokovec"]
[Site "Novy Smokovec"]
[Date "1992.??.??"]
[Round "?"]
[White "Romanishin, Oleg M"]
[Black "Hracek, Zbynek"]
[Result "1/2-1/2"]
[WhiteElo "2555"]
[BlackElo "2480"]
[Annotator "Dautov,R"]
[PlyCount "67"]
[EventDate "1992.??.??"]
[EventType "tourn"]
[EventRounds "9"]
[EventCountry "CSR"]
[EventCategory "10"]
[SourceTitle "CBM 033"]
[Source "ChessBase"]
[SourceDate "1993.04.01"]
[SourceVersion "1"]
[SourceVersionDate "1993.04.01"]
[SourceQuality "1"]

1. d4 Nf6 2. Nf3 e6 3. g3 b6 4. Bg2 Bb7 5. c4 Be7 6. Nc3 Ne4 7. Bd2 Bf6 8. Qc2
Nxd2 9. Qxd2 O-O 10. Rd1 {/\ ->>>} (10. O-O d6 11. e4 {-E18}) 10... d6 11. Qc2
g6 (11... Nd7 $6 12. Ng5 Bxg5 13. Bxb7 Rb8 14. Bc6 $14) 12. h4 h5 $6 (12... Nd7
$142 13. h5 Qe7 14. hxg6 hxg6 15. Ne4 Bg7 $13) 13. Ne4 Bg7 14. Nfg5 $14 {/\Nf6}
d5 (14... Kh8 $4 15. Nxd6 $1 $18) (14... Nc6 15. d5 Nd4 16. Qb1 exd5 $6 (16...
e5 $14) 17. cxd5 Bxd5 18. e3 Bxe4 19. Qxe4 $16) 15. cxd5 Bxd5 (15... exd5 16.
Nc3 c6 17. O-O Nd7 18. e4 $14) 16. O-O Nd7 17. Nc3 $6 (17. Bh3 $1 $14 {/\} Rc8
18. Nc3 Bb7 19. d5 e5 20. Ne6 $1 $18) 17... Bxg2 18. Kxg2 c6 19. Qe4 Rc8 20. e3
Nf6 21. Qf3 Nd5 (21... Qe7 $10 {/\c5}) 22. e4 Nxc3 23. bxc3 Qe7 24. e5 $36 c5
25. Ne4 (25. g4 $5 hxg4 26. Qxg4 cxd4 27. cxd4 {/\h5}) 25... cxd4 26. cxd4 Rc2
27. Rc1 (27. Nf6+ $2 Bxf6 28. exf6 Qd6 $15) 27... Rxa2 28. Nd6 $13 Qd7 (28...
f6 $1 29. Qe4 fxe5 30. dxe5 Kh7 $13) 29. Rc4 (29. Rc3 $6 Qa4 30. Rc7 Qxd4 31.
Rxf7 Qd5 $17) 29... Ra4 30. Rfc1 Rxc4 31. Rxc4 b5 32. Rc5 Rb8 33. Qc3 b4 34.
Qc4 (34. Qc4 b3 35. Rc7 Qd8 36. Rxf7 (36. Nxf7 $2 Qd5+ $19) 36... b2 37. Qxe6
Kh7 (37... b1=Q $2 38. Rf8+ Kh7 39. Qg8+ Kh6 40. Nf7#) 38. Rxg7+ $1 (38. Qf6 $2
Qg8 $1 (38... Qxf6 39. exf6 Kg8 40. Rxg7+ Kf8 41. Rh7 Kg8 42. Rg7+ Kf8 $10) 39.
Nf5 Qxf7 40. Qxf7 gxf5 41. Qxf5+ Kh8 42. Qb1 a5 $17) 38... Kxg7 39. Qf7+ Kh8 (
39... Kh6 40. Qf4+) 40. Qxg6 Qxd6 41. Qxd6 b1=Q 42. Qf6+ Kh7 43. Qe7+ Kg8 44.
Qe6+ Kf8 45. Qf6+ $10) 1/2-1/2

[Event "Moscow Alekhine op"]
[Site "Moscow"]
[Date "1992.??.??"]
[Round "?"]
[White "Kurajica, Bojan"]
[Black "Eismont, Oleg"]
[Result "1-0"]
[WhiteElo "2590"]
[BlackElo "2410"]
[Annotator "Dautov,R"]
[PlyCount "119"]
[EventDate "1992.10.??"]
[EventType "swiss"]
[EventRounds "9"]
[EventCountry "RUS"]
[SourceTitle "CBM 033"]
[Source "ChessBase"]
[SourceDate "1993.04.01"]
[SourceVersion "1"]
[SourceVersionDate "1993.04.01"]
[SourceQuality "1"]

1. d4 Nf6 2. Nf3 e6 3. g3 b6 4. Bg2 Bb7 5. O-O Be7 6. c4 O-O 7. b3 d5 8. cxd5
exd5 9. Nc3 Na6 10. Bb2 Qc8 11. Rc1 h6 (11... Rd8 12. Ne5 Qe6 13. Nd3 Bf8 14.
e3 Qe8 15. Qe2 g6 16. Rc2 Bg7 17. Rfc1 Ne4 18. a3 c6 19. Qe1 c5 20. dxc5 Naxc5
21. Nxc5 Nxc5 22. Rd1 d4 $10 {Andersson,U-Salov,V Skelleftea WCup 1989}) (11...
Rd8 12. a3 c5 13. dxc5 bxc5 14. b4 Qd7 15. bxc5 Nxc5 16. Ne5 Qe6 17. Na4 Nfe4
18. Nxc5 Bxc5 19. Qa4 Bb6 20. Nf3 Rac8 21. Nd4 Qf6 $10 {Nikolic,P-Halifman,A
Manila izt 1990}) 12. a3 c5 13. dxc5 bxc5 14. b4 Qd7 15. b5 $5 (15. bxc5 Nxc5
16. Ne5 Qe6 17. Na4 Nfe4) 15... Nc7 16. Ne5 Qc8 $6 (16... Qe6 $2 17. Na4 c4 18.
Nxc4 Nxb5 19. Na5 $16) (16... Qe8 $1 $13) 17. Na4 $1 (17. Nc6 $6 Bxc6 18. bxc6
Rb8 19. Ba1 Qe6 20. Qa4 d4 $15) 17... Nxb5 $6 (17... Ne6 18. Nc6 $1 Bxc6 19.
bxc6 $16) (17... c4 18. e4 $1 Rd8 (18... Nxe4 19. Bxe4 dxe4 20. Rxc4 $16) (
18... Qe6 19. exd5 Bxd5 20. Bxd5 Nfxd5 $2 21. Rxc4 Nxb5 22. Rc6 Nd6 23. Nc5 $18
) 19. exd5 Bxd5 20. Bxd5 Rxd5 21. Qf3 $36) 18. Nxc5 $1 Bxc5 19. Nd3 Nd7 (19...
Bxf2+ 20. Rxf2 Qd8 21. Bxf6 gxf6 22. Nf4 $16) 20. Nxc5 Nxc5 21. a4 Qc6 22. axb5
Qxb5 23. Bxg7 $1 $16 Kxg7 24. Qd4+ Kg8 25. Rxc5 Qxe2 26. Rc7 Rab8 (26... Qb5
27. Qg4+ Kh8 28. Qf5 $18 {/\Rb1}) 27. Qxa7 Qa6 28. Qd4 Rbc8 (28... Qe6 29. Bf3
$5 $16) 29. Qg4+ Kh8 30. Re7 Rce8 31. Rxe8 Rxe8 32. Qd7 Rf8 33. Rb1 Ba8 34. h3
$5 (34. Bxd5 Qd3 35. Rb5 Bxd5 36. Rxd5 Qb1+ 37. Kg2 Qe4+ 38. Kh3 Qe2 39. Rf5
$16) 34... Qe6 35. Qa7 Kg7 36. Kh2 Bc6 37. Qd4+ Kg8 38. Rb6 Rd8 39. Bf1 Rc8 40.
Ba6 Rc7 41. Qb4 (41. Qc5 Qxh3+ $2 (41... Kg7 $1) 42. Kg1 Qe6 43. Rb8+ Kh7 44.
Bd3+ f5 45. Rf8 $18) 41... Re7 $2 (41... Kg7 42. Bb5 {/\Qc3} Qf6 43. Qg4+ Kf8
44. Rb8+ Ke7 $16) 42. Bc8 (42. Qc5 $1 Rc7 43. Rb8+ Kg7 44. Qf8+ Kg6 45. Qg8+
Kf6 46. Qh8+ $18) 42... Qxc8 (42... Qe2 $142 43. Qf4 $16) 43. Rb8 (43. Qxe7 $18
) 43... Qxb8 44. Qxb8+ Kg7 45. Qb2+ Kg8 46. g4 Re4 47. Qc1 Re6 48. Qc5 d4 49.
Qxd4 Be8 50. Kg3 Bc6 51. f4 Be8 52. f5 $18 Rc6 53. Qe5 Kf8 54. f6 Re6 55. Qf4
Bc6 56. Qxh6+ Ke8 57. Qg7 Re3+ 58. Kh4 Bd5 59. Qg8+ Kd7 60. Qg5 1-0

[Event "Madrid"]
[Site "Madrid"]
[Date "1995.??.??"]
[Round "4"]
[White "Epishin, Vladimir"]
[Black "Timman, Jan H"]
[Result "1-0"]
[WhiteElo "2635"]
[BlackElo "2635"]
[Annotator "Dautov,R"]
[PlyCount "39"]
[EventDate "1995.05.??"]
[EventType "tourn"]
[EventRounds "9"]
[EventCountry "ESP"]
[EventCategory "16"]
[SourceTitle "CBM 047"]
[Source "ChessBase"]
[SourceDate "1995.08.01"]
[SourceVersion "1"]
[SourceVersionDate "1995.08.01"]
[SourceQuality "1"]

1. d4 Nf6 2. c4 e6 3. Nf3 b6 4. g3 Bb7 5. Bg2 Be7 6. Nc3 Ne4 7. Bd2 O-O 8. d5
Nxc3 (8... Nxd2 9. Qxd2 d6) 9. Bxc3 Bf6 10. Rc1 (10. Nd4 c6 (10... c5 11. Nb5
$14) 11. O-O cxd5 12. cxd5 Bxd5 13. Bxd5 exd5 14. Nb5 Nc6 15. Qxd5 Qe7 16. Rfe1
a6 17. Bxf6 Qxf6 18. Nc3 Qe6 19. Red1 Rfd8 20. Rac1 $14 {Andersson,U-Pomar
Salamanca,A/Buenos Aires olm/1978}) 10... c6 {N} (10... Bxc3+ 11. Rxc3 d6 12.
O-O e5 13. Nd2 f5 14. f4 $14) 11. O-O cxd5 (11... exd5 12. cxd5 c5 13. e4 d6
14. e5 dxe5 15. Nxe5 $14) 12. Ne1 Bxc3 13. Rxc3 b5 $2 (13... Na6 14. cxd5 {
/\dxe6} Rb8 15. Ra3 $14) (13... d6 {>=} 14. cxd5 (14. Nd3 $5) 14... e5 15. Nd3
{/\Nb4-c6} a5 $1 (15... Na6 16. e4 $14) 16. b4 (16. f4 $5) 16... Nd7 17. bxa5
bxa5 $1 $10 {/\Ba6xc4,Nc5} (17... Rxa5 18. Nb4 $14)) 14. cxd5 Qb6 (14... Na6 $2
15. dxe6 Bxg2 16. exf7+ Rxf7 17. Nxg2 $18) (14... b4 $2 15. Rc4 $16) 15. Nd3
$16 Na6 $6 (15... Bxd5 16. Bxd5 exd5 17. Nf4 d4 18. Nd5 $16) (15... d6 $2 16.
dxe6 fxe6 17. Bxb7 Qxb7 18. Nf4 Qd7 19. Qb3 Re8 (19... d5 20. Rfc1 $16) 20. Re3
Kf7 21. Nxe6 Rxe6 22. Rxe6 Qxe6 23. Qf3+ $18) (15... b4 $2 16. Nxb4 Qxb4 17.
Rb3 $16) (15... a5 16. Nc5 $16) 16. Ne5 $1 b4 $2 (16... Qd6 $2 17. dxe6 $18) (
16... Rad8 17. dxe6 dxe6 18. Nd7 b4 19. Rd3 $18) (16... Nb8 17. dxe6 dxe6 18.
Bxb7 Qxb7 19. Qd6 Na6 (19... Qe4 20. Nxf7 $1 $18) 20. Rd1 $16) 17. Nxd7 Qb5 18.
Rd3 $1 Rfe8 $2 (18... Qxd7 19. dxe6 Qb5 20. a4 bxa3 (20... Qb6 21. Rd6 $18) 21.
Rb3 Nb4 22. Bxb7 Qxb7 23. bxa3 $16) 19. dxe6 Rxe6 20. a4 $1 (20. a4 bxa3 21.
Rb3 Nb4 22. Bxb7 Qxb7 23. bxa3 $18) 1-0

[Event "Olympiad-31"]
[Site "Moscow"]
[Date "1994.12.04"]
[Round "4.3"]
[White "Van der Sterren, Paul"]
[Black "Arnason, Jon Loftur"]
[Result "1/2-1/2"]
[WhiteElo "2605"]
[BlackElo "2525"]
[Annotator "Dautov,R"]
[PlyCount "89"]
[EventDate "1994.12.01"]
[EventType "team-swiss"]
[EventRounds "14"]
[EventCountry "RUS"]
[SourceTitle "CBM 045"]
[Source "ChessBase"]
[SourceDate "1995.04.01"]
[SourceVersion "1"]
[SourceVersionDate "1995.04.01"]
[SourceQuality "1"]
[WhiteTeam "Netherlands"]
[BlackTeam "Iceland"]
[WhiteTeamCountry "NED"]
[BlackTeamCountry "ISL"]

1. d4 {Gagarin} Nf6 2. c4 e6 3. Nf3 b6 4. g3 Bb7 5. Bg2 Be7 6. Nc3 Ne4 7. Bd2
f5 8. d5 Bf6 9. Qc2 Qe7 (9... Na6 {Gagarin}) (9... Nd6 {Gagarin} 10. Bf4 $14)
10. Rd1 (10. O-O Bxc3 (10... Na6 {Gagarin} 11. Rad1 Nb4 $5 (11... Nd6 12. dxe6
dxe6 13. Qa4+ Kf7 14. Be3 Nc5 15. Bxc5 bxc5 16. Ng5+ Bxg5 17. Bxb7 Rab8 18. Bc6
Rxb2 19. Qxa7 Bf6 20. Nb5 Rxe2 21. Qxc5 Rd8 22. Bf3 Rxa2 23. Nxc7 Rc8 24. Rxd6
Rxc7 25. Qb6 Rb2 26. Qa6 Ra2 $10 {Petursson,M-Rozentalis,E/Malme/1993/0,5/28/})
(11... O-O 12. Nxe4 $5 fxe4 13. Qxe4 Rae8 $14 {Romanishin,O-Rozentalis,E/Malme/
1993/1:0/27/}) 12. Qb3 a5 13. Nb5 O-O $5 14. Nxc7 $5 (14. Bxb4 Qxb4 $1 15. dxe6
dxe6 16. Nxc7 Rac8 17. Nxe6 Rfe8 18. Ned4 Rxc4 19. Nxf5 Qxb3 20. axb3 Rc2 $44 {
Epishin,V-Rotstein,A/FRA/1994/0:1/40/}) 14... Rac8 15. a3 Nc5 16. Bxb4 Rxc7 17.
Bxc5 Qxc5 18. Ne1 a4 19. Qxa4 Bxb2 20. Nd3 Qxa3 21. Ra1 Qc3 22. Rab1 Ra8 23.
Qb5 Ba3 24. Qxb6 Qxc4 25. d6 Bxg2 26. Qxc7 $18 {Magerramov,E-Marinelli,T/
Budapest/1990/1:0/32/}) 11. Bxc3 exd5 12. cxd5 Bxd5 $13) 10... exd5 $5 (10...
Na6 11. O-O $14) 11. cxd5 $1 {N} (11. Nxd5 $6 Bxd5 12. cxd5 Qc5 $1 13. Qxc5
bxc5 14. Bc1 Na6 15. Nd2 Nd6 16. O-O (16. a3 Rb8 17. Bf1 c4 18. e3 c3 19. Bxa6
c2 $17 {Olafsson-Arnason/Kopavogur/1994} (19... c2 {Gagarin} 20. b4 Nb5 21. Nc4
cxd1=Q+ 22. Kxd1 Nc3+ 23. Kc2 Nxd5 $19 {Olaffson,H-Arnason,J/Kopavogur/1994/0:
1/47/})) 16... Nb4 17. a3 Na2 18. e4 O-O 19. exf5 Rfe8 20. Bf3 Rab8 21. b3 Bg5
22. Bb2 c4 23. Bh5 Bxd2 24. Bxe8 Nxe8 25. Rxd2 c3 26. Bxc3 Nxc3 $17 {->Horvath,
J-Arnason/EUCup f Lyon/1994}) 11... c5 (11... Qc5 $2 12. O-O Bxd5 13. Be3 Qc6
14. Rxd5 Bxc3 15. Rxf5 $16) (11... O-O 12. O-O $14) 12. Bf4 (12. dxc6 dxc6 13.
O-O Na6 $5 14. Nxe4 fxe4 15. Ne1 c5 16. Qa4+ Qd7 17. Qxd7+ Kxd7 $10) (12. O-O
$5 Na6 (12... Nxd2 $2 13. Nxd2 $16 {/\d6,Qf5}) 13. Nxe4 (13. Bf4 {-12.Bf4})
13... fxe4 (13... Qxe4 14. Qxe4+ fxe4 15. Ng5 e3 16. Bxe3 Bxb2 17. Ne4 $16) 14.
Nh4 $1 (14. d6 Qe6 $1 (14... Qxd6 15. Ng5 Bxg5 16. Bxe4 Qc7 17. Bxg5 Nb4 18.
Qb1 $16) 15. Ng5 Bxg5 16. Bxg5 Nb4 17. Qc3 O-O 18. a3 Nd5 19. Qc4 Rae8 $13)
14... Bxd5 (14... Bxh4 15. gxh4 Bxd5 16. Bg5 Nb4 (16... Qe6 $2 17. Rxd5 Qxd5
18. Bxe4 $18) 17. Bxe7 Nxc2 18. Bxc5 Bxa2 19. Bd6 Rc8 20. Bxe4 $16) 15. Bc3 $1
(15. Nf5 Qe6 16. Bxe4 Bxe4 17. Qxe4 O-O $13) 15... Bxc3 16. bxc3 (16. Rxd5 Nb4
17. Qxe4 Qxe4 18. Bxe4 Bxb2 $10) 16... Nc7 17. c4 Be6 18. Bxe4 O-O-O 19. Nf5
Bxf5 20. Bxf5 $14) 12... Na6 13. O-O (13. Nxe4 fxe4 14. Nd2 Nb4 15. Qxe4 Bxd5
16. Qxe7+ Kxe7 17. Bxd5 Nxd5 $10) 13... Nb4 (13... O-O $5 14. Nxe4 fxe4 15. Nd2
Nb4 16. Qxe4 Bxd5 17. Qxe7 Bxe7 18. Ne4 Bc6 19. a3 Nd5 20. Bd6 $14) 14. Qb3 {
/\a3} c4 15. Qxc4 Rc8 16. Qb3 Bxc3 (16... Nxc3 17. bxc3 Rxc3 18. Qa4 Nxd5 19.
Qxa7 Nxf4 20. Qb8+ Bc8 21. Qxf4 $16) 17. bxc3 Rxc3 18. Qa4 a5 19. d6 (19. Qb5
$2 Qc5 $13) (19. Nd4 $5 {Gagarin} Nc5 20. Nxf5 Nxa4 21. Nxe7 Nb2 $13) 19... Qd8
{/\Bc6-+} 20. Rc1 (20. Nd4 $2 Nc5 21. Qb5 Ba6 $17) 20... Qc8 (20... Nd5 $5 $13
{Gagarin /\ Nc5/}) 21. Ne5 (21. Rxc3 $5 Nxc3 22. Qb3 Nxe2+ 23. Kh1 Nxf4 24.
gxf4 $44 {עe8}) 21... Nd5 22. Bxe4 $2 (22. Rxc3 Nexc3 23. Qc2 O-O (23... Nxf4
24. gxf4 Bxg2 25. Kxg2 $16) 24. Bg5 {/\Be7} Ne4 25. Qb3 (25. Bxe4 fxe4 $13)
25... Qc3 $2 26. Nxd7 Qxb3 27. axb3 Nxg5 28. Nxf8 Kxf8 29. Bxd5 Bxd5 30. Rd1
Bxb3 31. d7 Ne6 32. d8=Q+ Nxd8 33. Rxd8+ Ke7 34. Rb8 $18) (22. Rb1 $5 $16)
22... Nxf4 (22... fxe4 $2 {Gagarin} 23. Qxe4 $16) 23. gxf4 Rxc1 24. Bxb7 Rxf1+
25. Kxf1 Qxb7 26. f3 Rf8 27. Qb5 $10 (27. Qc4 $6 {Gagarin} b5 $13) 27... Kd8 (
27... Rf6 28. Qc4 Re6 $2 29. Qc7 $18) 28. a4 Rf6 29. Qc4 Rxd6 (29... Re6 $2 30.
Nf7+ Ke8 31. Ng5 Rxd6 32. Qg8+ Ke7 33. Qxg7+ Kd8 34. Nf7+ Ke7 35. Nxd6+ Kxd6
36. Qe5+ Kc6 37. Qxf5 $16) 30. Nf7+ Ke7 31. Nxd6 Kxd6 32. Qd4+ Qd5 (32... Kc7
$5 {Gagarin} 33. Qe5+ (33. Qxg7 Qd5 34. Qxh7 Qd1+ 35. Kf2 Qxa4 36. Qxf5 Qd4+
$44 {/\ a4/}) 33... Kc8 34. Qxf5 (34. Qe8+ Kc7 35. Qe5+ $10) 34... g6 $13 {
/\ Qc6/}) 33. Qxb6+ Ke7 34. Kf2 Kf7 35. Ke3 d6 (35... g6 {Gagarin} 36. Qd4 Qb3+
37. Kf2 Qe6 38. Qc5 $14) 36. Qd4 Qb3+ (36... Qxd4+ $2 {Gagarin} 37. Kxd4 Ke6
38. Kc4 $18) 37. Kf2 Kg8 38. Qxd6 Qxa4 39. Qe6+ Kf8 40. Qxf5+ Kg8 41. Qe6+ (41.
e4 $5 Qd4+ 42. Kg2 a4) (41. Qd5+ $5 {Gagarin} Kf8 42. e4 Qc2+ 43. Kg3 a4 44.
Qd8+ Kf7 45. Qd7+ $16) 41... Kf8 42. Ke3 Qa3+ 43. Kd4 Qb2+ 44. Kd3 Qb1+ 45. Ke3
1/2-1/2

[Event "Belgrade GMA op"]
[Site "Belgrade"]
[Date "1988.??.??"]
[Round "?"]
[White "Timoscenko, Gennadij A"]
[Black "Karpman, Vadim"]
[Result "1-0"]
[WhiteElo "2455"]
[BlackElo "2490"]
[Annotator "Dautov,R"]
[PlyCount "81"]
[EventDate "1988.12.??"]
[EventType "swiss"]
[EventRounds "9"]
[EventCountry "YUG"]
[SourceTitle "TD"]
[Source "ChessBase"]
[SourceDate "1994.03.01"]
[SourceVersion "1"]
[SourceVersionDate "1994.03.01"]
[SourceQuality "1"]

1. d4 {Crnic,M. Crnic,M} Nf6 2. c4 e6 3. Nf3 b6 4. g3 Bb7 5. Bg2 Be7 6. Nc3 Ne4
7. Bd2 O-O 8. d5 f5 9. Qc2 exd5 $5 10. Nxd5 (10. cxd5 {Crnic,M} Nxc3 11. Bxc3
Bxd5 12. O-O-O Be4 13. Qb3+ d5 14. Ne1 Bxg2 15. Nxg2 c6 16. Nf4 {12.0-0!?} Nd7
17. Nxd5 {16.h4_} cxd5 18. Qxd5+ Rf7 $5) 10... Nc6 11. O-O Bf6 (11... Re8 $5 {
/\ Bf8}) (11... a5 $1 {Crnic,M} 12. a3 (12. Ne1 Nd4 13. Qd3 Bc5 14. Be3 (14.
Bxe4 fxe4 15. Qxe4 Re8) 14... Ne6 15. Bxe4 fxe4 16. Qxe4 c6 17. Nc3 Qf6 $5 (
17... Ng5 18. Bxg5 {/\ Nb4})) (12. Rad1 Nb4 13. Bxb4 axb4 14. Nd4 (14. Ne5 $1
Bd6 15. Bxe4 fxe4 16. Qxe4 Qe8 (16... Rxa2 17. c5) 17. f4 Bc5+) 14... Bc5 15.
Qb3 (15. Bxe4 fxe4 16. Qb3 Kh8 $1) 15... Bxd4 16. Rxd4 c5 $19) 12... Bf6 (12...
Bc5 13. Bf4 d6 14. Rad1 Qd7 15. Nd2 Nd4 16. Qd3) 13. Be3 (13. Bf4 d6 14. Rad1))
12. Rad1 a5 13. Be3 d6 $14 14. c5 $5 (14. Nd2 Nb4 $1 (14... Nc5 $6 15. Bxc5
dxc5 16. Nf3 $5 Qc8 17. Nxf6+ Rxf6 $14) 15. Nxf6+ Qxf6 16. Qb1 Nxd2 17. Rxd2
Bxg2 18. Kxg2 $10) (14. Nd4 $1 Bxd4 15. Bxd4 Nxd4 16. Rxd4 Nc5 $14) 14... Nb4
$1 (14... bxc5 $2 15. Qb3 $18) (14... Nxc5 $2 15. Bxc5 bxc5 16. Qb3 $18) 15.
Nxf6+ Qxf6 16. Qb3+ d5 17. a3 (17. cxb6 $6 c5 $1) 17... Na6 18. cxb6 Nac5 (
18... c5 $5 $13) 19. Qc2 cxb6 20. Bd4 Qe7 21. b3 f4 $6 (21... Ne6 $1 22. Bb2 (
22. Qb2 Nxd4 23. Nxd4 f4 $10) 22... Rac8 23. Qd3 $5 N4c5 24. Qe3 f4 $13) 22.
Qb2 $1 $14 Rac8 (22... b5 $5 23. Rc1 Ne6) 23. Rc1 fxg3 24. hxg3 Nd6 25. Rc2 Nf5
26. Be5 Rc6 $6 (26... Nd7) 27. Rfc1 Re6 28. b4 $1 axb4 29. axb4 Na4 $2 30. Qb3
$1 (30. Qa1 Qxb4 31. Rb1 Qg4 $13 (31... Qe4 $2 32. Nd4 $1 $16)) 30... Rxe5 31.
Rc7 $1 (31. Nxe5 Qxe5 32. Qxa4 Nd4 $13) 31... Nc5 $8 (31... Qe8 32. Nxe5 Nd4
33. Qe3 $18) 32. R1xc5 $1 bxc5 33. Rxe7 Rxe7 34. bxc5 $14 {/\ e4} Bc6 (34...
Kh8 35. Bh3 $1 {/\ Bf5, Nd4+-}) 35. g4 $1 (35. Bh3 Rb7 $1 36. Qa2 Ne7) 35...
Rb7 36. Qa2 Ne7 37. Nd4 Rc7 {(+)} 38. e4 (38. Ne6 Ra8 39. Qb2 $18 {Timoscenko,G
}) 38... Ra8 39. Qb2 Rb7 40. Qd2 Rb1+ 41. Kh2 1-0